000 00234nam a22000857a 4500
008 160720b xxu||||| |||| 00| 0 eng d
100 _93077
_aRamchandran K
245 _aComposite Mathematics-VIII
260 _aNew Delhi
_bAPC Publication
_c2009
999 _c2640
_d2640